[Event "Duisburg SBDU-ch"]
[Site "Duisburg Rheinhausen"]
[Date "2010.11.12"]
[Round "5"]
[White "Pak, Aliaksandr"]
[Black "Hampel, Ernst"]
[Result "0-1"]
[WhiteElo "1380"]
[BlackElo "1545"]
[PlyCount "56"]
[EventDate "2010.09.17"]
[EventType "swiss"]
[EventRounds "7"]
[EventCountry "GER"]
[SourceTitle "EXT 2018"]
[Source "ChessBase"]
[SourceDate "2017.10.13"]
[SourceVersion "1"]
[SourceVersionDate "2017.10.13"]
[SourceQuality "1"]

1. d4 Nf6 2. Nf3 c5 3. e3 cxd4 4. exd4 d5 5. Bf4 Nc6 6. Bb5 Bd7 7. Nbd2 e6 8. 0-0 Be7 9. Bxc6 Bxc6 10. a3 a5 11. c3 a4 12. Ne5 0-0 13. Nxc6 bxc6 14. Nf3 Qb6 15. Qc2 Ne4 16. Ne5 Ra7 17. Rfb1 f6 18. Nd3 g5 19. Be3 Rb8 20. f3 Nd6 21. Nb4 Nc4 22. Bf2 Bd6 23. Re1 Re8 24. Re2 Qc7 25. Rae1 Qd7 26. Nxc6 Qxc6 27. Rxe6 Rxe6 28. Rxe6 Bxh2+ 0-1

[Event "Rheinhausen op"]
[Site "Duisburg"]
[Date "2005.03.04"]
[Round "6"]
[White "Pak, Aliaksandr"]
[Black "Kerkhoff, Johannes"]
[Result "0-1"]
[WhiteElo "1218"]
[BlackElo "1505"]
[PlyCount "52"]
[EventDate "2005.01.07"]
[EventType "swiss"]
[EventRounds "7"]
[EventCountry "GER"]
[SourceTitle "EXT 2006"]
[Source "ChessBase"]
[SourceDate "2005.11.24"]
[SourceVersion "1"]
[SourceVersionDate "2005.11.24"]
[SourceQuality "1"]

1. d4 d5 2. Bf4 e6 3. e3 c6 4. c4 Bd6 5. Nc3 Bxf4 6. exf4 Nf6 7. Qd2 Nbd7 8. Nf3 0-0 9. 0-0-0 b6 10. cxd5 cxd5 11. Bd3 a6 12. Qc2 Re8 13. h4 g6 14. Rh3 Bb7 15. Rg1 Nf8 16. g4 N6d7 17. h5 Qf6 18. Qd2 Re7 19. Rgh1 Rc8 20. g5 Qg7 21. hxg6 fxg6 22. Qe3 Rc6 23. Ne5 Nxe5 24. dxe5 Rcc7 25. Qg3 d4 26. Qh2 Bxh1 0-1